000 00580nam a22001697a 4500
005 20251108164754.0
008 250721s1981 xx 000 0 ara d
082 1 4 _a810/سام
100 1 _aالخوري، سامي
245 1 0 _aالدليل الأدبي :
_bخلاصات خصائص عصور و أدباء لصفي البكالوريا وفقاً للمنهج الرسمي الجديد /
264 1 _aبيروت :
_bدار النهار،
_c1981.
300 _aج
650 1 7 _aالأدب العربي
700 1 _aالديك، جان
942 _2ddc
_cBK
999 _c13985
_d13985